000
00284nam a2200109Ia 4500
008
180117s9999 xx 000 0 und d
245
_a
This Week in Arts and Culture
260
_c
2017
300
_a
6-8 pages, 2017 May 7
440
_a
Philippine Panorama
650
_a
ARTS AND CULTURE
999
_c
353405
_d
353405